[Event "GBR-ch105 Seniors 50"]
[Site "Hull"]
[Date "2018.08.02"]
[Round "5"]
[White "Chapman, Terry PD"]
[Black "Spanton, Timothy R"]
[Result "1-0"]
[WhiteElo "2200"]
[BlackElo "1927"]
[PlyCount "79"]
[EventDate "2018.07.29"]
[EventType "swiss"]
[EventRounds "7"]
[EventCountry "GBR"]
[SourceTitle "CBM 185 Extra"]
[Source "ChessBase"]
[SourceDate "2018.06.29"]
[SourceVersion "1"]
[SourceVersionDate "2018.06.29"]
[SourceQuality "1"]

1. d4 d5 2. c4 e5 3. dxe5 d4 4. Nf3 Nc6 5. a3 Be6 6. Nbd2 Nge7 7. Nb3 Nf5 8.
Qd3 Be7 9. Bf4 g5 10. g4 Nh6 11. Bg3 Nxg4 12. Nbxd4 Nxd4 13. Nxd4 Nh6 14. Bg2
c6 15. O-O Qd7 16. Nxe6 fxe6 17. Rfd1 Qxd3 18. exd3 O-O-O 19. d4 Nf5 20. d5
Nxg3 21. hxg3 exd5 22. cxd5 cxd5 23. Bxd5 Kb8 24. Kg2 Rhf8 25. Bf3 Bc5 26.
Rxd8+ Rxd8 27. Rd1 Rxd1 28. Bxd1 Bd4 29. f4 Bxb2 30. a4 Kc7 31. Kf3 Kd7 32. Ke4
gxf4 33. gxf4 a6 34. Be2 Ke7 35. f5 Ba3 36. f6+ Kf8 37. a5 Bb2 38. Kf5 Bc3 39.
e6 Bb4 40. Bf3 1-0

[Event "GBR-ch105 Seniors 50"]
[Site "Hull"]
[Date "2018.08.02"]
[Round "5"]
[White "Dilleigh, Stephen P"]
[Black "Kenning, Paul H"]
[Result "1-0"]
[WhiteElo "2016"]
[BlackElo "1841"]
[PlyCount "60"]
[EventDate "2018.07.29"]
[EventType "swiss"]
[EventRounds "7"]
[EventCountry "GBR"]
[SourceTitle "CBM 185 Extra"]
[Source "ChessBase"]
[SourceDate "2018.06.29"]
[SourceVersion "1"]
[SourceVersionDate "2018.06.29"]
[SourceQuality "1"]

1. Nf3 d6 2. d4 Nf6 3. c4 Nbd7 4. Nc3 e5 5. e4 Be7 6. Be2 c6 7. O-O Qc7 8. Be3
h6 9. d5 a5 10. Nd2 O-O 11. Rc1 Re8 12. a3 Nf8 13. b4 axb4 14. axb4 Bd7 15. c5
cxd5 16. exd5 Qb8 17. Nc4 dxc5 18. bxc5 Ng6 19. Rb1 Rd8 20. Qc2 Bc8 21. d6 Bf8
22. Nb6 Ra5 23. Ra1 Rxa1 24. Rxa1 Bxd6 25. Ra8 Qc7 26. Nb5 Qc6 27. Nxd6 Nd5 28.
Rxc8 Rxc8 29. Nbxc8 Ndf4 30. Bxf4 exf4 1-0

[Event "GBR-ch105 Seniors 50"]
[Site "Hull"]
[Date "2018.08.02"]
[Round "5"]
[White "Gostelow, David W"]
[Black "Clancy, Martin J"]
[Result "1-0"]
[WhiteElo "1918"]
[BlackElo "1810"]
[PlyCount "57"]
[EventDate "2018.07.29"]
[EventType "swiss"]
[EventRounds "7"]
[EventCountry "GBR"]
[SourceTitle "CBM 185 Extra"]
[Source "ChessBase"]
[SourceDate "2018.06.29"]
[SourceVersion "1"]
[SourceVersionDate "2018.06.29"]
[SourceQuality "1"]

1. d4 Nf6 2. Bf4 g6 3. Nc3 Bg7 4. e4 d6 5. Qd2 c5 6. dxc5 dxc5 7. Qxd8+ Kxd8 8.
Nf3 Nc6 9. O-O-O+ Nd7 10. Bd2 e6 11. Bg5+ f6 12. Be3 Bf8 13. g4 Ne7 14. Bg2 Ke8
15. Nb5 Rb8 16. Nxa7 b5 17. Nxc8 Rxc8 18. Rd2 e5 19. Rhd1 Nb6 20. Bf1 Nc4 21.
Bxc4 bxc4 22. c3 Nc6 23. g5 f5 24. exf5 gxf5 25. Rd5 Bg7 26. Kb1 e4 27. Ne5 f4
28. Bxf4 Rf8 29. Rxc5 1-0

[Event "GBR-ch105 Seniors 50"]
[Site "Hull"]
[Date "2018.08.02"]
[Round "5"]
[White "Mason, Donald"]
[Black "Lewis, Andrew P"]
[Result "1/2-1/2"]
[WhiteElo "2133"]
[BlackElo "2298"]
[PlyCount "36"]
[EventDate "2018.07.29"]
[EventType "swiss"]
[EventRounds "7"]
[EventCountry "GBR"]
[SourceTitle "CBM 185 Extra"]
[Source "ChessBase"]
[SourceDate "2018.06.29"]
[SourceVersion "1"]
[SourceVersionDate "2018.06.29"]
[SourceQuality "1"]

1. d4 Nf6 2. Bf4 g6 3. Nc3 Bg7 4. Qd2 h6 5. e4 d6 6. h3 a6 7. g4 Nc6 8. O-O-O
h5 9. e5 Ng8 10. e6 Bxe6 11. d5 Bd7 12. dxc6 Bxc6 13. f3 hxg4 14. Bg2 gxf3 15.
Nxf3 Nf6 16. Ng5 Qd7 17. Rhe1 O-O 18. Nge4 Nxe4 1/2-1/2

[Event "GBR-ch105 Seniors 50"]
[Site "Hull"]
[Date "2018.08.02"]
[Round "5"]
[White "Nelson, Jonathan P"]
[Black "Waters, Clive L"]
[Result "1/2-1/2"]
[WhiteElo "2178"]
[BlackElo "2064"]
[PlyCount "103"]
[EventDate "2018.07.29"]
[EventType "swiss"]
[EventRounds "7"]
[EventCountry "GBR"]
[SourceTitle "CBM 185 Extra"]
[Source "ChessBase"]
[SourceDate "2018.06.29"]
[SourceVersion "1"]
[SourceVersionDate "2018.06.29"]
[SourceQuality "1"]

1. d4 Nf6 2. Nf3 g6 3. Bg5 Bg7 4. Nbd2 c5 5. Bxf6 Bxf6 6. Ne4 Bxd4 7. Nxd4 cxd4
8. Qxd4 O-O 9. O-O-O Qa5 10. Nc3 Nc6 11. Qd2 d6 12. e4 Be6 13. Kb1 Rab8 14. Nd5
Qxd2 15. Rxd2 Bxd5 16. exd5 Ne5 17. f4 Nd7 18. Be2 Rfc8 19. g4 b5 20. g5 Rc5
21. h4 h5 22. gxh6 Nf6 23. h5 Rxd5 24. Rxd5 Nxd5 25. hxg6 fxg6 26. a4 Nxf4 27.
Bxb5 Kh7 28. Re1 e5 29. Rd1 d5 30. c4 dxc4 31. Rd7+ Kxh6 32. Rxa7 g5 33. Re7 g4
34. Rxe5 g3 35. Re1 Kg5 36. Kc2 Kg4 37. Bd7+ Kf3 38. Bc6+ Kf2 39. Rd1 Rc8 40.
Bb7 Rc7 41. Ba8 Ne2 42. Rd8 Rf7 43. b4 cxb3+ 44. Kxb3 Rf4 45. Rc8 Nd4+ 46. Ka3
Nf3 47. Rc2+ Kf1 48. Rc1+ Ke2 49. Rc2+ Nd2 50. Rc8 Nb1+ 51. Ka2 Nd2 52. Ka3
1/2-1/2

[Event "GBR-ch105 Seniors 50"]
[Site "Hull"]
[Date "2018.08.02"]
[Round "5"]
[White "Robinson, James M"]
[Black "Dean, Robert A"]
[Result "1-0"]
[WhiteElo "1745"]
[BlackElo "1844"]
[PlyCount "89"]
[EventDate "2018.07.29"]
[EventType "swiss"]
[EventRounds "7"]
[EventCountry "GBR"]
[SourceTitle "CBM 185 Extra"]
[Source "ChessBase"]
[SourceDate "2018.06.29"]
[SourceVersion "1"]
[SourceVersionDate "2018.06.29"]
[SourceQuality "1"]

1. d4 d5 2. Bf4 Nf6 3. e3 g6 4. h3 Bg7 5. Nf3 Nbd7 6. Be2 O-O 7. O-O Re8 8.
Nbd2 c5 9. c3 e6 10. Ne5 Nxe5 11. Bxe5 Nd7 12. Bxg7 Kxg7 13. f4 Qc7 14. Bd3 b6
15. Qf3 Bb7 16. g4 f6 17. Rac1 Rac8 18. Rce1 Rf8 19. Qg2 e5 20. fxe5 fxe5 21.
Rxf8 Rxf8 22. Qg3 a6 23. Rf1 Qb8 24. Rxf8 Kxf8 25. Bf1 e4 26. Qxb8+ Nxb8 27. g5
Nc6 28. dxc5 bxc5 29. Nb3 c4 30. Nd4 Ne5 31. b3 Ke7 32. bxc4 dxc4 33. Kf2 Kd6
34. Kg3 Nd3 35. h4 Bd5 36. Bh3 Nc1 37. a3 Nb3 38. Bc8 Nxd4 39. exd4 a5 40. Kf4
Kc7 41. Bh3 Kb6 42. Bg2 Kb5 43. Bxe4 Bf7 44. Bc2 Kc6 45. Ke5 1-0

[Event "GBR-ch105 Seniors 50"]
[Site "Hull"]
[Date "2018.08.02"]
[Round "5"]
[White "Robson, Paul E"]
[Black "Bolt, Graham"]
[Result "1/2-1/2"]
[WhiteElo "1842"]
[BlackElo "2016"]
[PlyCount "151"]
[EventDate "2018.07.29"]
[EventType "swiss"]
[EventRounds "7"]
[EventCountry "GBR"]
[SourceTitle "CBM 185 Extra"]
[Source "ChessBase"]
[SourceDate "2018.06.29"]
[SourceVersion "1"]
[SourceVersionDate "2018.06.29"]
[SourceQuality "1"]

1. e4 g6 2. f4 Bg7 3. Nf3 d6 4. Bc4 Nf6 5. e5 dxe5 6. fxe5 Nd5 7. d4 O-O 8. O-O
Bg4 9. c3 c6 10. Qe1 f6 11. exf6 exf6 12. Qh4 Qd7 13. Nbd2 b5 14. Bb3 Na6 15.
Ne4 Rae8 16. Bc2 Re7 17. Qg3 Bf5 18. Nc5 Nxc5 19. Bxf5 Qxf5 20. dxc5 Qd7 21.
Nd4 f5 22. Qd3 Re4 23. Nf3 Qe7 24. Bd2 Qxc5+ 25. Kh1 Rfe8 26. Ng5 Re2 27. Rae1
Rxe1 28. Rxe1 Rxe1+ 29. Bxe1 Qe7 30. Nf3 a6 31. Bf2 Bf6 32. c4 Nc7 33. cxb5
cxb5 34. a4 bxa4 35. Qc4+ Kg7 36. Qxa4 Bxb2 37. Bg3 Bf6 38. Qc6 Ne6 39. Qxa6
Nd4 40. Nxd4 Bxd4 41. Qd3 Qe3 42. Qxe3 Bxe3 43. Be5+ Kf7 44. g3 Ke6 45. Bc3 Kd5
46. Kg2 Ke4 47. Ba5 g5 48. Bc7 g4 49. Bd6 Bd4 50. Be7 Be3 51. Bd8 h6 52. Be7
Bg5 53. Bc5 h5 54. Bf2 Be7 55. Bb6 h4 56. Bc7 h3+ 57. Kh1 Kf3 58. Bf4 Kf2 59.
Bc7 Bg5 60. Bd6 Kf3 61. Bc7 Ke4 62. Bd6 Bf6 63. Bf8 Be5 64. Bh6 Kf3 65. Bg5
Bxg3 66. hxg3 Kxg3 67. Be7 f4 68. Kg1 Kf3 69. Kh2 Ke2 70. Bc5 f3 71. Kg3 f2 72.
Bxf2 h2 73. Kxh2 Kxf2 74. Kh1 Kf3 75. Kh2 g3+ 76. Kh1 1/2-1/2

[Event "GBR-ch105 Seniors 50"]
[Site "Hull"]
[Date "2018.08.02"]
[Round "5"]
[White "Simons, Martin J"]
[Black "Kennedy, Craig"]
[Result "1-0"]
[WhiteElo "2008"]
[BlackElo "1906"]
[PlyCount "59"]
[EventDate "2018.07.29"]
[EventType "swiss"]
[EventRounds "7"]
[EventCountry "GBR"]
[SourceTitle "CBM 185 Extra"]
[Source "ChessBase"]
[SourceDate "2018.06.29"]
[SourceVersion "1"]
[SourceVersionDate "2018.06.29"]
[SourceQuality "1"]

1. e4 d6 2. d4 Nf6 3. Nc3 e5 4. Nf3 exd4 5. Nxd4 Be7 6. Bf4 O-O 7. Qd2 a6 8.
O-O-O b5 9. f3 c5 10. Nf5 Bxf5 11. exf5 Qa5 12. Kb1 Nc6 13. Nd5 Nxd5 14. Qxa5
Nxa5 15. Rxd5 Nc6 16. c3 Rfd8 17. Bd3 b4 18. Be4 bxc3 19. bxc3 Rab8+ 20. Kc2
Rb6 21. Rb1 Rxb1 22. Kxb1 Na5 23. Bd3 Rb8+ 24. Kc2 Rb6 25. f6 Bxf6 26. Rxd6
Rxd6 27. Bxd6 Nb7 28. Bc7 a5 29. Be4 Nd8 30. Bxa5 1-0

[Event "GBR-ch105 Seniors 50"]
[Site "Hull"]
[Date "2018.08.02"]
[Round "5"]
[White "Smith, Murray"]
[Black "Wager, John D"]
[Result "1/2-1/2"]
[WhiteElo "2262"]
[BlackElo "2045"]
[PlyCount "61"]
[EventDate "2018.07.29"]
[EventType "swiss"]
[EventRounds "7"]
[EventCountry "GBR"]
[SourceTitle "CBM 185 Extra"]
[Source "ChessBase"]
[SourceDate "2018.06.29"]
[SourceVersion "1"]
[SourceVersionDate "2018.06.29"]
[SourceQuality "1"]

1. e4 e5 2. Nf3 Nf6 3. Nxe5 d6 4. Nf3 Nxe4 5. Nc3 Nxc3 6. dxc3 Be7 7. Be3 Nc6
8. Qd2 Bf5 9. O-O-O a6 10. h3 Qd7 11. Kb1 h6 12. Nd4 Nxd4 13. Bxd4 Rg8 14. Re1
O-O-O 15. g4 Bg6 16. f4 f6 17. c4 Rge8 18. Bg2 Bf8 19. f5 Bf7 20. Bd5 c6 21.
Bxf7 Qxf7 22. Bb6 Rxe1+ 23. Rxe1 Re8 24. b3 Rxe1+ 25. Qxe1 Qe7 26. Qxe7 Bxe7
27. Kc1 Bd8 28. Bd4 b5 29. cxb5 axb5 30. Kd2 Kb7 31. Ke2 1/2-1/2

[Event "GBR-ch105 Seniors 50"]
[Site "Hull"]
[Date "2018.08.02"]
[Round "5"]
[White "Stephenson, David W"]
[Black "McMahon, Paul"]
[Result "0-1"]
[WhiteElo "1817"]
[BlackElo "1911"]
[PlyCount "64"]
[EventDate "2018.07.29"]
[EventType "swiss"]
[EventRounds "7"]
[EventCountry "GBR"]
[SourceTitle "CBM 185 Extra"]
[Source "ChessBase"]
[SourceDate "2018.06.29"]
[SourceVersion "1"]
[SourceVersionDate "2018.06.29"]
[SourceQuality "1"]

1. d4 d5 2. Nc3 Nf6 3. e4 dxe4 4. f3 exf3 5. Nxf3 Bf5 6. Ne5 e6 7. Bc4 c6 8.
O-O Bg6 9. Be3 Nbd7 10. Qe2 Bd6 11. Bg5 Be7 12. Rae1 O-O 13. Nxg6 hxg6 14. Rf3
Nh5 15. Bxe7 Qxe7 16. Kh1 Ndf6 17. h3 Rad8 18. g4 Nxg4 19. hxg4 Qh4+ 20. Qh2
Qxe1+ 21. Rf1 Ng3+ 22. Kg1 Nxf1 23. Bxf1 Qe3+ 24. Qf2 Qxf2+ 25. Kxf2 Rxd4 26.
Kg3 f5 27. Be2 Rfd8 28. gxf5 gxf5 29. b3 Kf7 30. Na4 Rd2 31. Bd3 R8xd3+ 32.
cxd3 Rxd3+ 0-1

[Event "GBR-ch105 Seniors 50"]
[Site "Hull"]
[Date "2018.08.02"]
[Round "5"]
[White "Towers, Nigel S"]
[Black "Freeman, Richard"]
[Result "1/2-1/2"]
[WhiteElo "1834"]
[BlackElo "2012"]
[PlyCount "37"]
[EventDate "2018.07.29"]
[EventType "swiss"]
[EventRounds "7"]
[EventCountry "GBR"]
[SourceTitle "CBM 185 Extra"]
[Source "ChessBase"]
[SourceDate "2018.06.29"]
[SourceVersion "1"]
[SourceVersionDate "2018.06.29"]
[SourceQuality "1"]

1. e4 c5 2. Nf3 g6 3. c4 Nc6 4. d4 cxd4 5. Nxd4 Bg7 6. Be3 Nf6 7. Nc3 O-O 8.
Be2 b6 9. O-O Bb7 10. f3 Qb8 11. Qd2 Rd8 12. Rfd1 d6 13. Nxc6 Bxc6 14. Nd5 Rd7
15. Bd4 Ne8 16. Rac1 Qd8 17. Qe3 Rb8 18. b3 e6 19. Nb4 1/2-1/2

[Event "GBR-ch105 Seniors 50"]
[Site "Hull"]
[Date "2018.08.03"]
[Round "6"]
[White "Bolt, Graham"]
[Black "Gostelow, David W"]
[Result "1-0"]
[WhiteElo "2016"]
[BlackElo "1918"]
[PlyCount "111"]
[EventDate "2018.07.29"]
[EventType "swiss"]
[EventRounds "7"]
[EventCountry "GBR"]
[SourceTitle "CBM 185 Extra"]
[Source "ChessBase"]
[SourceDate "2018.06.29"]
[SourceVersion "1"]
[SourceVersionDate "2018.06.29"]
[SourceQuality "1"]

1. Nf3 d5 2. g3 Nf6 3. Bg2 Nc6 4. d4 Bf5 5. O-O h6 6. b3 e6 7. Bb2 Be7 8. c4
Nb4 9. Nc3 O-O 10. Rc1 a5 11. a3 Na6 12. Re1 Ne4 13. Nd2 Nxc3 14. Rxc3 c6 15.
Rc1 Qd7 16. Nf3 Bd6 17. Qd2 Qe7 18. c5 Bc7 19. b4 axb4 20. axb4 Nb8 21. Ra1 Nd7
22. Qc3 Rfe8 23. Ra3 Qf8 24. Rea1 Be4 25. Ra7 Reb8 26. Ne5 Nxe5 27. Bxe4 Nc4
28. Bd3 Nxb2 29. Qxb2 Qc8 30. b5 Rxa7 31. Rxa7 Bd8 32. b6 Ra8 33. Qa3 Rb8 34.
f4 g6 35. Kg2 Kg7 36. h3 Bf6 37. e3 Bd8 38. g4 Bf6 39. Kg3 Bd8 40. Qa2 Bf6 41.
h4 Bd8 42. Bb1 f5 43. h5 Qd7 44. hxg6 Qe7 45. Qh2 Qf6 46. gxf5 exf5 47. Kf3
Qxg6 48. Qh3 Kf6 49. Ra2 Ke6 50. Rh2 Bf6 51. Rg2 Qh7 52. Qh5 Bg7 53. Rg6+ Ke7
54. Bxf5 Qh8 55. Re6+ Kd8 56. Qf7 1-0

[Event "GBR-ch105 Seniors 50"]
[Site "Hull"]
[Date "2018.08.03"]
[Round "6"]
[White "Brown, Alan M"]
[Black "Blades, Nigel"]
[Result "1-0"]
[WhiteElo "1976"]
[BlackElo "2072"]
[PlyCount "139"]
[EventDate "2018.07.29"]
[EventType "swiss"]
[EventRounds "7"]
[EventCountry "GBR"]
[SourceTitle "CBM 185 Extra"]
[Source "ChessBase"]
[SourceDate "2018.06.29"]
[SourceVersion "1"]
[SourceVersionDate "2018.06.29"]
[SourceQuality "1"]

1. d4 Nf6 2. c4 e6 3. Nc3 d5 4. Bg5 Nbd7 5. e3 c6 6. Nf3 Qa5 7. Nd2 Bb4 8. Qc2
e5 9. Be2 exd4 10. exd4 dxc4 11. Bxf6 Nxf6 12. Nxc4 Qc7 13. O-O O-O 14. a3 Be7
15. Ne3 Rd8 16. Rad1 Be6 17. Bc4 Bxc4 18. Nxc4 Ng4 19. g3 Bf6 20. Qe4 h5 21. h3
Nh6 22. Ne3 Qd7 23. Kg2 Bxd4 24. Rfe1 c5 25. Qf3 g6 26. Ned5 Kg7 27. Re7 Qf5
28. Rxb7 Qxf3+ 29. Kxf3 Rab8 30. Rxb8 Rxb8 31. Rd2 Nf5 32. Rc2 Rb3 33. Kg2 Nd6
34. Na4 Ne4 35. f3 Ng5 36. Nac3 Ne6 37. Kf1 Kf8 38. Ke2 Be5 39. f4 Nd4+ 40. Kd3
Nxc2 41. Kxc2 Rb8 42. fxe5 Re8 43. Nf6 Re6 44. Nce4 Ke7 45. Nxc5 Rxe5 46. Nce4
Rf5 47. Kd3 Ke6 48. Kd4 Rf1 49. h4 Rb1 50. b4 Ra1 51. a4 Rc1 52. a5 Rc8 53. b5
Rd8+ 54. Kc5 Rc8+ 55. Kb4 Rc1 56. b6 Rb1+ 57. Kc5 Rc1+ 58. Kb5 Rb1+ 59. Ka6
axb6 60. axb6 Ra1+ 61. Kb7 Ke5 62. Kc7 Rc1+ 63. Kb8 Rc2 64. b7 Rc1 65. Ka7 Ra1+
66. Kb6 Rb1+ 67. Kc6 Rb2 68. Nd7+ Kxe4 69. Nb6 Rc2+ 70. Kd7 1-0

[Event "GBR-ch105 Seniors 50"]
[Site "Hull"]
[Date "2018.08.03"]
[Round "6"]
[White "Clancy, Martin J"]
[Black "Stephenson, David W"]
[Result "1-0"]
[WhiteElo "1810"]
[BlackElo "1817"]
[PlyCount "155"]
[EventDate "2018.07.29"]
[EventType "swiss"]
[EventRounds "7"]
[EventCountry "GBR"]
[SourceTitle "CBM 185 Extra"]
[Source "ChessBase"]
[SourceDate "2018.06.29"]
[SourceVersion "1"]
[SourceVersionDate "2018.06.29"]
[SourceQuality "1"]

1. e4 e6 2. d4 d5 3. Nd2 dxe4 4. Nxe4 Qd5 5. Bd3 Nf6 6. Nxf6+ gxf6 7. Nf3 Nc6
8. O-O Bd7 9. c4 Qd6 10. Be3 O-O-O 11. a3 Bg7 12. Qc2 f5 13. c5 Qe7 14. Rad1 f4
15. Bxf4 Nxd4 16. Nxd4 Bxd4 17. Be4 e5 18. Qb3 c6 19. Rxd4 exd4 20. Bd6 Qxe4
21. Qa4 Rhg8 22. f3 Qe3+ 23. Rf2 Qe1+ 24. Rf1 Qe2 25. Rf2 Qa6 26. Qxd4 Rde8 27.
h3 Re1+ 28. Kh2 Re2 29. Rxe2 Qxe2 30. Bg3 Rxg3 31. Kxg3 Qe1+ 32. Kh2 Qe7 33.
Qh8+ Kc7 34. Qxh7 Qe5+ 35. Kh1 Qe1+ 36. Kh2 Qe5+ 37. Kh1 Be6 38. Qc2 Qe1+ 39.
Kh2 Qe5+ 40. Kh1 f5 41. b4 Bd5 42. Qc1 b6 43. cxb6+ axb6 44. a4 Bb3 45. Qa3 Qc3
46. a5 b5 47. a6 Qe1+ 48. Kh2 Ba4 49. Qd3 Qe5+ 50. Kh1 Kb6 51. Qd7 Qe1+ 52. Kh2
Qe5+ 53. Kh1 Qc7 54. Qxf5 Kxa6 55. g4 Bb3 56. Kg2 Kb7 57. h4 Qf7 58. Qd3 Bd5
59. Kg3 Qc7+ 60. f4 Qe7 61. Qd2 Qe4 62. h5 Kc7 63. f5 Qh1 64. Qf4+ Kb7 65. f6
Qe1+ 66. Kh3 Qh1+ 67. Kg3 Bg2 68. f7 Bf1 69. f8=Q Qh3+ 70. Kf2 Qg2+ 71. Ke3
Qe2+ 72. Kd4 Qb2+ 73. Ke4 Qc2+ 74. Ke5 Qc3+ 75. Kf5 Bd3+ 76. Kg5 Bh7 77. Q4b8+
Ka6 78. Qa8+ 1-0

[Event "GBR-ch105 Seniors 50"]
[Site "Hull"]
[Date "2018.08.03"]
[Round "6"]
[White "Freeman, Richard"]
[Black "Dean, Robert A"]
[Result "1-0"]
[WhiteElo "2012"]
[BlackElo "1844"]
[PlyCount "127"]
[EventDate "2018.07.29"]
[EventType "swiss"]
[EventRounds "7"]
[EventCountry "GBR"]
[SourceTitle "CBM 185 Extra"]
[Source "ChessBase"]
[SourceDate "2018.06.29"]
[SourceVersion "1"]
[SourceVersionDate "2018.06.29"]
[SourceQuality "1"]

1. e4 e6 2. b3 d5 3. Bb2 Nf6 4. e5 Nfd7 5. d4 c5 6. c3 Nc6 7. Nf3 Qb6 8. Bd3 f6
9. exf6 Nxf6 10. O-O Bd6 11. Nbd2 O-O 12. Rc1 Bd7 13. Re1 cxd4 14. cxd4 Rae8
15. Nf1 e5 16. dxe5 Ng4 17. Ne3 Ncxe5 18. Bd4 Qd8 19. Nxe5 Nxe5 20. Be2 Bc6 21.
g3 Ng6 22. Bf3 Qg5 23. Bg2 Bb4 24. Re2 Qd8 25. Rec2 Ne5 26. f4 Ng6 27. Qh5 Qa5
28. Bxd5+ Bxd5 29. Qxd5+ Qxd5 30. Nxd5 Rd8 31. Nxb4 Rxd4 32. Rc4 Rd2 33. a4 Rb2
34. R4c3 Ne7 35. Nd3 Rd2 36. Ne5 Nd5 37. Rd3 Rxd3 38. Nxd3 Rd8 39. Ne5 Nf6 40.
Kf2 h6 41. Ke3 a6 42. g4 Re8 43. Kf3 Re7 44. Rc8+ Kh7 45. Rh8+ Kxh8 46. Ng6+
Kg8 47. Nxe7+ Kf7 48. Nf5 Ne8 49. h3 Ke6 50. Ke4 Kd7 51. Ke5 b5 52. axb5 axb5
53. h4 Nf6 54. g5 hxg5 55. fxg5 Nh5 56. Nd4 b4 57. Nc2 Kc6 58. Nxb4+ Kb5 59.
Nd3 Ng3 60. Ke6 Kc6 61. Kf7 Nf5 62. h5 Kd6 63. Kg6 Ng3 64. h6 1-0

[Event "GBR-ch105 Seniors 50"]
[Site "Hull"]
[Date "2018.08.03"]
[Round "6"]
[White "Gibbs, Dominic V"]
[Black "Brooks, Phil J"]
[Result "1/2-1/2"]
[WhiteElo "1948"]
[BlackElo "2187"]
[PlyCount "63"]
[EventDate "2018.07.29"]
[EventType "swiss"]
[EventRounds "7"]
[EventCountry "GBR"]
[SourceTitle "CBM 185 Extra"]
[Source "ChessBase"]
[SourceDate "2018.06.29"]
[SourceVersion "1"]
[SourceVersionDate "2018.06.29"]
[SourceQuality "1"]

1. e4 e6 2. d4 d5 3. Nd2 dxe4 4. Nxe4 Nd7 5. Nf3 Ngf6 6. Nxf6+ Nxf6 7. Ne5 a6
8. Be3 Bd6 9. Qf3 Qe7 10. Nc4 Nd5 11. Nxd6+ cxd6 12. Bd2 O-O 13. Bd3 b5 14. O-O
Bb7 15. Qh3 f5 16. a4 b4 17. c4 bxc3 18. bxc3 Nf6 19. f3 Nd7 20. a5 Qf6 21.
Rab1 Bc6 22. Qg3 e5 23. Bc4+ Kh8 24. Bg5 Qg6 25. Be7 Qxg3 26. hxg3 Rfc8 27.
Bxd6 exd4 28. cxd4 Bxf3 29. Be6 Be4 30. Bxd7 Rd8 31. Bc6 Bxc6 32. Be5 1/2-1/2

[Event "GBR-ch105 Seniors 50"]
[Site "Hull"]
[Date "2018.08.03"]
[Round "6"]
[White "Hodge, Steve R"]
[Black "Dilleigh, Stephen P"]
[Result "0-1"]
[WhiteElo "2005"]
[BlackElo "2016"]
[PlyCount "102"]
[EventDate "2018.07.29"]
[EventType "swiss"]
[EventRounds "7"]
[EventCountry "GBR"]
[SourceTitle "CBM 185 Extra"]
[Source "ChessBase"]
[SourceDate "2018.06.29"]
[SourceVersion "1"]
[SourceVersionDate "2018.06.29"]
[SourceQuality "1"]

1. e4 e6 2. d4 d5 3. Nd2 c5 4. Ngf3 cxd4 5. exd5 Qxd5 6. Bc4 Qd7 7. O-O Nc6 8.
Nb3 Nf6 9. Nbxd4 Nxd4 10. Nxd4 a6 11. Re1 Bc5 12. c3 b5 13. Bb3 Bb7 14. Bg5
Bxd4 15. cxd4 Rd8 16. Qe2 h6 17. Be3 Bd5 18. Bxd5 Qxd5 19. Rec1 O-O 20. Rc5 Qb7
21. Rac1 Rd7 22. Qc2 Rfd8 23. h3 Qe4 24. Qxe4 Nxe4 25. Rc6 Rd6 26. Bf4 Rxc6 27.
Rxc6 Rxd4 28. f3 Nf6 29. Be5 Rd1+ 30. Kf2 Rd2+ 31. Ke3 Rxg2 32. Rxa6 Nd5+ 33.
Kd4 Rxb2 34. Kc5 Re2 35. Bd4 b4 36. Kc4 Rh2 37. Bc5 Rxh3 38. f4 Rc3+ 39. Kd4
Rf3 40. Bd6 h5 41. Ra8+ Kh7 42. Rf8 Kg6 43. Rg8 Nf6 44. Ra8 h4 45. Ra5 Nd5 46.
Ra8 h3 47. Rh8 Ra3 48. Rh4 Rxa2 49. Rxh3 Rd2+ 50. Ke4 Nc3+ 51. Ke3 Rxd6 0-1

[Event "GBR-ch105 Seniors 50"]
[Site "Hull"]
[Date "2018.08.03"]
[Round "6"]
[White "Kennedy, Craig"]
[Black "Matthews, Chris J"]
[Result "1-0"]
[WhiteElo "1906"]
[BlackElo "1772"]
[PlyCount "63"]
[EventDate "2018.07.29"]
[EventType "swiss"]
[EventRounds "7"]
[EventCountry "GBR"]
[SourceTitle "CBM 185 Extra"]
[Source "ChessBase"]
[SourceDate "2018.06.29"]
[SourceVersion "1"]
[SourceVersionDate "2018.06.29"]
[SourceQuality "1"]

1. d4 Nf6 2. Bf4 d5 3. e3 Bf5 4. Nd2 e6 5. Ngf3 c6 6. Ne5 Bb4 7. c3 Bd6 8. h3
Ne4 9. Ndf3 f6 10. g4 Bg6 11. Nxg6 hxg6 12. Bxd6 Nxd6 13. Bd3 g5 14. Bg6+ Ke7
15. Qc2 Nd7 16. O-O-O b5 17. h4 gxh4 18. Nxh4 Qa5 19. Bd3 Kf7 20. Kb1 Nc4 21.
Bxc4 bxc4 22. Qg6+ Ke7 23. Qxg7+ Kd6 24. Nf5+ exf5 25. Rxh8 Rxh8 26. Qxh8 fxg4
27. Qh2+ Ke6 28. Qf4 f5 29. Rh1 Qd8 30. Rh6+ Nf6 31. Qe5+ Kf7 32. Qxf5 1-0

[Event "GBR-ch105 Seniors 50"]
[Site "Hull"]
[Date "2018.08.03"]
[Round "6"]
[White "Kenning, Paul H"]
[Black "Allison, Paul A"]
[Result "1-0"]
[WhiteElo "1841"]
[BlackElo "1615"]
[PlyCount "83"]
[EventDate "2018.07.29"]
[EventType "swiss"]
[EventRounds "7"]
[EventCountry "GBR"]
[SourceTitle "CBM 185 Extra"]
[Source "ChessBase"]
[SourceDate "2018.06.29"]
[SourceVersion "1"]
[SourceVersionDate "2018.06.29"]
[SourceQuality "1"]

1. e4 e5 2. Nc3 Nf6 3. g3 Bc5 4. Bg2 O-O 5. d3 d6 6. Na4 Bb6 7. Nxb6 axb6 8. h3
Nc6 9. Ne2 Bd7 10. O-O Qc8 11. Kh2 h6 12. f4 exf4 13. Bxf4 Ra5 14. Bd2 Nh7 15.
Bxa5 bxa5 16. Nf4 Nd4 17. c3 Ne6 18. Nxe6 Bxe6 19. Rf2 Ng5 20. Qf1 Qd7 21. h4
Nh7 22. Bh3 Nf6 23. Bxe6 Qxe6 24. Rf3 Ng4+ 25. Kg1 Qg6 26. Kg2 Ne5 27. Re3 Ng4
28. Re2 Ne5 29. d4 Ng4 30. Qf5 Qe6 31. Rf1 Nf6 32. Qxe6 fxe6 33. e5 dxe5 34.
Rxe5 b6 35. Rxe6 Rf7 36. Kh3 Rd7 37. Rf2 Kf7 38. Ree2 Re7 39. Rxe7+ Kxe7 40. g4
Kd6 41. c4 Ke7 42. g5 1-0

[Event "GBR-ch105 Seniors 50"]
[Site "Hull"]
[Date "2018.08.03"]
[Round "6"]
[White "Lewis, Andrew P"]
[Black "Smith, Murray"]
[Result "1-0"]
[WhiteElo "2298"]
[BlackElo "2262"]
[PlyCount "85"]
[EventDate "2018.07.29"]
[EventType "swiss"]
[EventRounds "7"]
[EventCountry "GBR"]
[SourceTitle "CBM 185 Extra"]
[Source "ChessBase"]
[SourceDate "2018.06.29"]
[SourceVersion "1"]
[SourceVersionDate "2018.06.29"]
[SourceQuality "1"]

1. c4 Nf6 2. Nc3 e5 3. Nf3 Nc6 4. e4 Bc5 5. Nxe5 Nxe5 6. d4 Nxe4 7. Nxe4 Bb4+
8. Nc3 Ng6 9. g3 O-O 10. Bg2 Re8+ 11. Be3 c6 12. O-O d6 13. Qb3 Ba5 14. h3 Qc7
15. Qa3 Qd8 16. b4 Bc7 17. b5 Bd7 18. Rab1 cxb5 19. Nxb5 Bc6 20. Nc3 Bxg2 21.
Kxg2 Bb6 22. Nd5 Ne7 23. Bg5 f6 24. Bxf6 gxf6 25. Nxf6+ Kf7 26. Qf3 Rh8 27.
Rfe1 Nf5 28. Ne4 Qd7 29. c5 d5 30. Nd6+ Kg6 31. Nxf5 Qxf5 32. Qxf5+ Kxf5 33.
Re5+ Kf6 34. cxb6 Rhd8 35. bxa7 Rxa7 36. Rb6+ Kg7 37. Re7+ Kg8 38. Rbxb7 Rxa2
39. Rg7+ Kf8 40. Rxh7 Kg8 41. Rbg7+ Kf8 42. Rf7+ Kg8 43. h4 1-0